| 000 -LEADER |
| fixed length control field |
00424nam a22001337a 4500 |
| 008 - FIXED-LENGTH DATA ELEMENTS--GENERAL INFORMATION |
| fixed length control field |
200715b ||||| |||| 00| 0 eng d |
| 082 00 - DEWEY DECIMAL CLASSIFICATION NUMBER |
| Edition number |
23rd |
| Classification number |
620.0042 |
| Item number |
R1615 |
| 100 ## - MAIN ENTRY--PERSONAL NAME |
| 9 (RLIN) |
3302 |
| Personal name |
Rajasekaran, S. |
| 245 10 - TITLE STATEMENT |
| Title |
Finite element analysis in engineering design / |
| 260 ## - PUBLICATION, DISTRIBUTION, ETC. (IMPRINT) |
| Place of publication, distribution, etc |
Allahabad: |
| Name of publisher, distributor, etc |
Wheeler publishing, |
| Date of publication, distribution, etc |
1993. |
| 300 ## - PHYSICAL DESCRIPTION |
| Extent |
xiv, 496 p. |
| 650 #0 - SUBJECT ADDED ENTRY--TOPICAL TERM |
| Topical term or geographic name as entry element |
Finite element method |
| 942 ## - ADDED ENTRY ELEMENTS (KOHA) |
| Item type |
Books |